|
|
|
|
| LEADER |
00000nas a2200000 a 4500 |
| 001 |
vtls009176040 |
| 003 |
SK-MaSNL |
| 005 |
20260221115034.0 |
| 008 |
240124c xo mr1 0 0eng d |
| 040 |
|
|
|a SNK
|b slo
|c SNK
|
| 044 |
|
|
|a xo
|c SK
|
| 245 |
0 |
0 |
|a Ročná zpráva Štátnej slovenskej obchodnej akadémie.
|
| 260 |
|
|
|a Humenné
|b Nákladom ústavu
|
| 500 |
|
|
|a Popis podľa:
|
| 910 |
|
|
|a snk
|
| 999 |
|
|
|c 4340
|d 6270
|
| 952 |
|
|
|0 0
|1 0
|4 0
|7 0
|8 5
|a SNK
|b SNK
|d 2008-03-03
|i snkF 3827/70
|l 0
|o snkČSD 563/10/1946-47
|p 17A0579988
|r 2026-02-21 20:15:16
|w 2026-02-21
|y PREZ
|
| 952 |
|
|
|0 0
|1 0
|3 rekatalogizácia
|4 0
|7 0
|8 5
|a SNK
|b SNK
|d 2008-01-21
|i snkF 3822/70
|l 0
|o snkČSD 563/4/1940/41
|p 17A0572524
|r 2026-02-21 20:28:33
|t č. 4
|w 2026-02-21
|y PREZ
|
| 952 |
|
|
|0 0
|1 0
|3 rekatalogizácia
|4 0
|7 0
|8 4
|a SNK
|b SNK
|d 2008-01-21
|i snkF 3823/70
|l 0
|o snkČSD 563/5/1941/42
|p 17A0572525
|r 2026-02-21 20:28:33
|t č. 5
|w 2026-02-21
|y PREZ
|
| 952 |
|
|
|0 0
|1 0
|3 rekatalogizácia
|4 0
|7 0
|8 5
|a SNK
|b SNK
|d 2008-01-21
|i snkF 3825/70
|l 0
|o snkČSD 563/6/1942/43
|p 17A0572505
|r 2026-02-21 20:28:34
|t č. 6
|w 2026-02-21
|y PREZ
|